• 首页
  • 本馆介绍
  • 公告通知
  • 最新文献
  • 馆藏检索
  • 电子资源
  • 读者导购
  • 参考咨询
  • 我的图书馆
  • 登录
  • 详细信息显示
  • 放入我的书架
  • 预约/预借图书
  • 作者相关作品
  • 分类相关作品
  • 丛书相关作品
  • 出版社相关作品

书目信息

  • 表格格式
  • 工作单格式
  • 卡片格式
题名:
食用菌病虫害防治与加工贮藏400问
    
 
作者: 本书组编
分册:  
出版信息: 长春   吉林出版集团有限责任公司  2010.03
页数: 144页
开本: 21cm
丛书名: 新农村建设丛书
单 册:
中图分类: S436.46-44
科图分类:
主题词: 植物--病虫害 , 植物--病虫害防治方法
电子资源:
ISBN: 978-7-80762-581-0
000 00679nam0 2200217 450
001 1158107237
005 20110901161059.14
010    @a978-7-80762-581-0@dCNY21.00
100    @a20110901d2010 km y0chiy0120 ea
101 0  @achi
200 1  @a食用菌病虫害防治与加工贮藏400问@Ashi yong jun bing chong hai fang zhi yu jia gong zhu cang 400 wen@f本书组编@Fben shu zu bian
205    @a2版
210    @a长春@c吉林出版集团有限责任公司@d2010.03
215    @a144页@d21cm
225 2  @a新农村建设丛书
410  0 @12001 @a新农村建设丛书
606 0  @a植物@x病虫害
606 0  @a植物@x病虫害防治方法
690    @aS436.46-44@v5
801  0 @aCN@bNISOFT@c20110901
905    @aBZT@dS436.46-44@e1
    
    食用菌病虫害防治与加工贮藏400问/本书组编.-2版.-长春:吉林出版集团有限责任公司,2010.03
    144页;21cm.-(新农村建设丛书)
    
    
    ISBN 978-7-80762-581-0:CNY21.00
    
●
相关链接 在五车中查询图书 在当当中查询图书 在豆瓣中查询图书


正题名:食用菌病虫害防治与加工贮藏400问     索取号:S436.46-44/1         预约/预借

序号 登录号 条形码 馆藏地/架位号 状态 备注
1 793259   2000793259   样本书库/样005架A面5层3列/ [索取号:S436.46-44/1] 在馆    
2 793260   2000793260   中心书库中库/ 中库033架A面2列2层79/ [索取号:S436.46-44/1] 在馆    
3 793261   2000793261   中心书库中库/ 中库033架A面2列2层80/ [索取号:S436.46-44/1] 在馆    
4 793262   2000793262   中心书库中库/ 中库033架A面2列2层81/ [索取号:S436.46-44/1] 在馆    
山东省滨州职业学院图书馆 欢迎您!
大连网信软件有限公司© 版权所有